Review Of The Fund's Income Position For FY 2019 And FY 2020.

This paper reviews the Fund's income position for FY 2019 and FY 2020. The paper updates projections provided in April 2018 and proposes decisions for the current year. The paper includes a comprehensive review of the Fund's income position as required under Rule I-6(4). No change is propo...

Disgrifiad llawn

Manylion Llyfryddiaeth
Awdur Corfforaethol: International Monetary Fund. Finance Dept
Fformat: Cylchgrawn
Iaith:English
Cyhoeddwyd: Washington, D.C. : International Monetary Fund, 2019.
Cyfres:Policy Papers; Policy Paper ; No. 2019/025
Mynediad Ar-lein:Full text available on IMF
LEADER 01445cas a2200241 a 4500
001 AALejournalIMF019462
008 230101c9999 xx r poo 0 0eng d
020 |c 5.00 USD 
020 |z 9781498322904 
022 |a 2663-3493 
040 |a BD-DhAAL  |c BD-DhAAL 
110 2 |a International Monetary Fund.  |b Finance Dept. 
245 1 0 |a Review Of The Fund's Income Position For FY 2019 And FY 2020. 
264 1 |a Washington, D.C. :  |b International Monetary Fund,  |c 2019. 
300 |a 1 online resource (47 pages) 
490 1 |a Policy Papers 
500 |a <strong>Off-Campus Access:</strong> No User ID or Password Required 
500 |a <strong>On-Campus Access:</strong> No User ID or Password Required 
506 |a Electronic access restricted to authorized BRAC University faculty, staff and students 
520 3 |a This paper reviews the Fund's income position for FY 2019 and FY 2020. The paper updates projections provided in April 2018 and proposes decisions for the current year. The paper includes a comprehensive review of the Fund's income position as required under Rule I-6(4). No change is proposed in the margin for the rate of charge that was established under this rule in April 2018 for the period FY 2019-20. 
538 |a Mode of access: Internet 
830 0 |a Policy Papers; Policy Paper ;  |v No. 2019/025 
856 4 0 |z Full text available on IMF  |u http://elibrary.imf.org/view/journals/007/2019/025/007.2019.issue-025-en.xml  |z IMF e-Library